000 00574nam a2200229Ia 4500
003 OSt
005 20220928104225.0
006 a|||||r|||| 00| 0
007 ta
008 220927b |||||||| |||| 00| 0 eng d
024 _a61770
037 _cTextual
040 _aSDCL
_cSDCL
_beng
041 _2eng
_aeng
082 _aO15,1x, P5
100 _aSamashiva
_9409696
245 0 _aSukti ratna-har
260 _aDelhi
_bShivaleek Prakashan
_c2005
300 _a272p83p
_ccm.
942 _hO15,1x, P5
_cTEXL
_2CC
999 _c725260
_d725260